<?xml version="1.0" encoding="UTF-8"?>
<record
    xmlns:xsi="http://www.w3.org/2001/XMLSchema-instance"
    xsi:schemaLocation="http://www.loc.gov/MARC21/slim http://www.loc.gov/standards/marcxml/schema/MARC21slim.xsd"
    xmlns="http://www.loc.gov/MARC21/slim">

  <leader>01075nam a22002537a 4500</leader>
  <controlfield tag="005">20170124102931.0</controlfield>
  <datafield tag="010" ind1=" " ind2=" ">
    <subfield code="a">B-189597</subfield>
  </datafield>
  <datafield tag="020" ind1=" " ind2=" ">
    <subfield code="c">200.00</subfield>
  </datafield>
  <datafield tag="035" ind1=" " ind2=" ">
    <subfield code="a">B-189597</subfield>
  </datafield>
  <datafield tag="037" ind1=" " ind2=" ">
    <subfield code="b">Cen Lib/Ret</subfield>
  </datafield>
  <datafield tag="040" ind1=" " ind2=" ">
    <subfield code="a">DPL</subfield>
    <subfield code="b">HN</subfield>
  </datafield>
  <datafield tag="082" ind1=" " ind2=" ">
    <subfield code="a">613</subfield>
    <subfield code="b">&#x935;&#x947;&#x926;&#x94D;&#x92A;&#x94D;&#x930;</subfield>
  </datafield>
  <datafield tag="100" ind1=" " ind2=" ">
    <subfield code="a">&#x935;&#x947;&#x926;&#x92A;&#x94D;&#x930;&#x915;&#x93E;&#x936; &#x936;&#x93E;&#x938;&#x94D;&#x924;&#x94D;&#x930;&#x940; </subfield>
    <subfield code="9">45019</subfield>
  </datafield>
  <datafield tag="245" ind1=" " ind2=" ">
    <subfield code="a">&#x906;&#x930;&#x94B;&#x917;&#x94D;&#x92F; &#x92E;&#x902;&#x91C;&#x930;&#x940; /</subfield>
    <subfield code="c">&#x935;&#x947;&#x926;&#x92A;&#x94D;&#x930;&#x915;&#x93E;&#x936; &#x936;&#x93E;&#x938;&#x94D;&#x924;&#x94D;&#x930;&#x940; </subfield>
  </datafield>
  <datafield tag="246" ind1=" " ind2=" ">
    <subfield code="a">Arogya manjari /</subfield>
    <subfield code="b">by Ved Prakash Shastri </subfield>
  </datafield>
  <datafield tag="260" ind1=" " ind2=" ">
    <subfield code="a">&#x926;&#x93F;&#x932;&#x94D;&#x932;&#x940;  </subfield>
    <subfield code="b">&#x921;&#x94D;&#x930;&#x940;&#x92E; &#x92C;&#x941;&#x915; &#x938;&#x930;&#x94D;&#x935;&#x93F;&#x938; </subfield>
    <subfield code="c">2006</subfield>
  </datafield>
  <datafield tag="270" ind1=" " ind2=" ">
    <subfield code="a">&#x967;&#x969;, &#x936;&#x902;&#x915;&#x930; &#x935;&#x93F;&#x939;&#x93E;&#x930;, &#x935;&#x93F;&#x915;&#x93E;&#x938; &#x92E;&#x93E;&#x930;&#x94D;&#x917; </subfield>
    <subfield code="b">&#x926;&#x93F;&#x932;&#x94D;&#x932;&#x940;  </subfield>
    <subfield code="e">110092</subfield>
  </datafield>
  <datafield tag="300" ind1=" " ind2=" ">
    <subfield code="a">199&#x92A;&#x943;.</subfield>
    <subfield code="c">20&#x938;&#x947;&#x92E;&#x940; (&#x938;&#x91C;&#x93F;&#x932;&#x94D;&#x926;)</subfield>
  </datafield>
  <datafield tag="650" ind1=" " ind2=" ">
    <subfield code="a">&#x91A;&#x93F;&#x915;&#x93F;&#x924;&#x94D;&#x938;&#x93E; &#x935;&#x93F;&#x91C;&#x94D;&#x91E;&#x93E;&#x928;</subfield>
    <subfield code="9">45020</subfield>
  </datafield>
  <datafield tag="650" ind1=" " ind2=" ">
    <subfield code="a">&#x938;&#x94D;&#x935;&#x91A;&#x94D;&#x91B;&#x924;&#x93E; &#x914;&#x930; &#x938;&#x94D;&#x935;&#x93E;&#x938;&#x94D;&#x925;&#x94D;&#x92F;</subfield>
    <subfield code="9">45021</subfield>
  </datafield>
  <datafield tag="650" ind1=" " ind2=" ">
    <subfield code="a">medical science</subfield>
    <subfield code="9">45022</subfield>
  </datafield>
  <datafield tag="650" ind1=" " ind2=" ">
    <subfield code="a">Hygiene and Health</subfield>
    <subfield code="9">45023</subfield>
  </datafield>
  <datafield tag="942" ind1=" " ind2=" ">
    <subfield code="2">ddc</subfield>
    <subfield code="c">HN</subfield>
    <subfield code="h">613</subfield>
    <subfield code="m">&#x935;&#x947;&#x926;&#x94D;&#x92A;&#x94D;&#x930;</subfield>
  </datafield>
  <datafield tag="999" ind1=" " ind2=" ">
    <subfield code="c">111906</subfield>
    <subfield code="d">111906</subfield>
  </datafield>
  <datafield tag="952" ind1=" " ind2=" ">
    <subfield code="0">0</subfield>
    <subfield code="1">0</subfield>
    <subfield code="4">0</subfield>
    <subfield code="7">0</subfield>
    <subfield code="a">L</subfield>
    <subfield code="b">L</subfield>
    <subfield code="d">2015-08-06</subfield>
    <subfield code="e">Cen Lib/Ret</subfield>
    <subfield code="g">200.00</subfield>
    <subfield code="l">12</subfield>
    <subfield code="m">3</subfield>
    <subfield code="o">613 &#x935;&#x947;&#x926;&#x94D;&#x92A;&#x94D;&#x930;</subfield>
    <subfield code="p">B-189597</subfield>
    <subfield code="r">2025-11-01 00:00:00</subfield>
    <subfield code="s">2025-10-29</subfield>
    <subfield code="t">1</subfield>
    <subfield code="v">200.00</subfield>
    <subfield code="w">2015-08-06</subfield>
    <subfield code="y">HN</subfield>
  </datafield>
  <datafield tag="952" ind1=" " ind2=" ">
    <subfield code="0">0</subfield>
    <subfield code="1">0</subfield>
    <subfield code="4">0</subfield>
    <subfield code="7">0</subfield>
    <subfield code="a">L</subfield>
    <subfield code="b">L</subfield>
    <subfield code="d">2015-09-11</subfield>
    <subfield code="e">Cen Lib/Ret</subfield>
    <subfield code="g">200.00</subfield>
    <subfield code="l">1</subfield>
    <subfield code="o">613 &#x935;&#x947;&#x926;&#x94D;&#x92A;&#x94D;&#x930;</subfield>
    <subfield code="p">B-189596</subfield>
    <subfield code="r">2017-08-16 00:00:00</subfield>
    <subfield code="s">2017-08-02</subfield>
    <subfield code="t">1</subfield>
    <subfield code="v">200.00</subfield>
    <subfield code="w">2015-09-11</subfield>
    <subfield code="y">HN</subfield>
  </datafield>
  <datafield tag="952" ind1=" " ind2=" ">
    <subfield code="0">0</subfield>
    <subfield code="1">0</subfield>
    <subfield code="2">ddc</subfield>
    <subfield code="4">0</subfield>
    <subfield code="7">0</subfield>
    <subfield code="8">NFIC</subfield>
    <subfield code="a">ZLS</subfield>
    <subfield code="b">ZLS</subfield>
    <subfield code="d">2018-11-20</subfield>
    <subfield code="l">0</subfield>
    <subfield code="o">613 &#x935;&#x947;&#x926;&#x94D;&#x92A;&#x94D;&#x930;</subfield>
    <subfield code="p">B-189602</subfield>
    <subfield code="r">2018-11-20 00:00:00</subfield>
    <subfield code="w">2018-11-20</subfield>
    <subfield code="y">HN</subfield>
  </datafield>
</record>
